Introduction to positive economics (Record no. 5640)

000 -LEADER
fixed length control field 00453nam a22001817a 4500
001 - CONTROL NUMBER
control field 5640
003 - CONTROL NUMBER IDENTIFIER
control field BD-DhUET
008 - FIXED-LENGTH DATA ELEMENTS--GENERAL INFORMATION
fixed length control field 141127b xxu||||| |||| 00| 0 eng d
040 ## - CATALOGING SOURCE
Transcribing agency 0
Modifying agency BD-DhUET
082 ## - DEWEY DECIMAL CLASSIFICATION NUMBER
Classification number 330
Item number LIP/1971
100 ## - MAIN ENTRY--PERSONAL NAME
Personal name Lipsey, Richard G.
245 ## - TITLE STATEMENT
Title Introduction to positive economics
250 ## - EDITION STATEMENT
Edition statement 3rd ed.
260 ## - PUBLICATION, DISTRIBUTION, ETC. (IMPRINT)
Name of publisher, distributor, etc. English Language Book
Place of publication, distribution, etc. Hampshire
Date of publication, distribution, etc. 1971
300 ## - PHYSICAL DESCRIPTION
Extent xx, 740 p.
Other physical details ill.
Dimensions 26 cm.
650 #0 - SUBJECT ADDED ENTRY--TOPICAL TERM
Topical term or geographic name as entry element Economics
942 ## - ADDED ENTRY ELEMENTS (KOHA)
Koha item type General Book
Holdings
Koha item type Withdrawn status Not for loan Koha collection Location (home branch) Copy number Source of classification or shelving scheme Lost status Damaged status Shelving location Piece designation (barcode) Koha normalized classification for sorting Date acquired Koha full call number Sublocation or collection (holding branch) Koha date last seen Price effective from
General Book   Central Library, BUET1   Circulation section23693330LIP19712014-11-27330/LIP/1971Central Library, BUET2014-11-272014-11-27
General Book   Central Library, BUET2   Circulation section23702330LIP19712014-11-27330/LIP/1971Central Library, BUET2014-11-272014-11-27
General Book   Central Library, BUET3   Circulation section23689330_000000000000000_LIP_19712015-01-27330/LIP/1971Central Library, BUET2015-01-272015-01-27
General Book   Central Library, BUET4   Circulation section23684330_000000000000000_LIP_19712015-01-27330/LIP/1971Central Library, BUET2015-01-272015-01-27
General Book   Central Library, BUET5   Circulation section23710330_000000000000000_LIP_19712015-01-27330/LIP/1971Central Library, BUET2015-01-272015-01-27
General Book   Central Library, BUET6   Circulation section23713330_000000000000000_LIP_19712015-01-27330/LIP/1971Central Library, BUET2015-01-272015-01-27
General Book   Central Library, BUET7   Cataloging section23690330_000000000000000_LIP_19712015-01-27330/LIP/1971Central Library, BUET2015-01-272015-01-27
General Book   Central Library, BUET8   Circulation section23698330_000000000000000_LIP_19712015-01-27330/LIP/1971Central Library, BUET2015-01-272015-01-27
General Book   Central Library, BUET9   Circulation section23685330_000000000000000_LIP_19712015-01-27330/LIP/1971Central Library, BUET2015-01-272015-01-27
General Book   Central Library, BUET10   Circulation section23712330_000000000000000_LIP_19712015-01-27330/LIP/1971Central Library, BUET2015-01-272015-01-27
General Book  Non FictionCentral Library, BUET4   Circulation section23677330_000000000000000_LIP_19712015-01-28330/LIP/1971Central Library, BUET2015-01-282015-01-28
General Book  Non FictionCentral Library, BUET30   Circulation section23706330_000000000000000_LIP_19712015-01-28330/LIP/1971Central Library, BUET2015-01-282015-01-28
General Book  Non FictionCentral Library, BUET29   Circulation section23705330_000000000000000_LIP_19712015-01-28330/LIP/1971Central Library, BUET2015-01-282015-01-28
General Book  Non FictionCentral Library, BUET16   Circulation section23680330_000000000000000_LIP_19712015-01-28330/LIP/1971Central Library, BUET2015-01-282015-01-28
General Book   Central Library, BUET15   Circulation section23691330_000000000000000_LIP_19712015-04-20330/LIP/1971Central Library, BUET2015-04-202015-04-20